Library Banner

Textbook of preventive and community dentistry / (Record no. 139837)

MARC details
000 -LEADER
fixed length control field 00465nam a22001697a 4500
005 - DATE AND TIME OF LATEST TRANSACTION
control field 20260223101719.0
008 - FIXED-LENGTH DATA ELEMENTS--GENERAL INFORMATION
fixed length control field 260223b |||||||| |||| 00| 0 eng d
020 ## - INTERNATIONAL STANDARD BOOK NUMBER
International Standard Book Number 9788123915241 (pbk)
040 ## - CATALOGING SOURCE
Transcribing agency PK-LaUMT
082 ## - DEWEY DECIMAL CLASSIFICATION NUMBER
Classification number 617.601
Item number JOH-T
100 ## - MAIN ENTRY--PERSONAL NAME
Personal name John, Joseph
245 ## - TITLE STATEMENT
Title Textbook of preventive and community dentistry /
Statement of responsibility, etc by Joseph John
250 ## - EDITION STATEMENT
Edition statement 2nd ed.
260 ## - PUBLICATION, DISTRIBUTION, ETC. (IMPRINT)
Place of publication, distribution, etc New Delhi :
Name of publisher, distributor, etc CBS Publishers,
Date of publication, distribution, etc 2014
300 ## - PHYSICAL DESCRIPTION
Extent 326 p.
942 ## - ADDED ENTRY ELEMENTS (KOHA)
Koha item type Books
Holdings
Withdrawn status Lost status Damaged status Home library Current library Date acquired Full call number Barcode Date last seen Price effective from Koha item type Copy number
      UMT Health Sciences Campus UMT Health Sciences Campus 2026-02-23 617.601 JOH-T 152028 2026-02-23 2026-02-23 Books  
      UMT Health Sciences Campus UMT Health Sciences Campus 2026-02-23 617.601 JOH-T 152029 2026-02-23 2026-02-23 Books C.2